000
00216nam a2200097Ia 4500
008
220120s9999||||xx |||||||||||||| ||und||
100
_a
Srinath, N.K
245
0
_a
Microprocessors 8086
300
_b
0
650
_a
CIVIL
999
_c
136421
_d
136421